I sei paesi più vicini: Panama - Statistics

Statistiche generali
  • Questo quiz è stato fatto 9 volte
  • Il punteggio medio è 4 su 6
Statistiche sulle risposte
km paese % Corretto
0 Colombia
88%
0 Costa Rica
88%
159 Nicaragua
88%
445 Venezuela
75%
652 Ecuador
50%
568 Honduras
50%
Nessun quiz corrispondente trovato
Distribuzione punteggi
Percentuale di utenti per punteggio
Percentile per numero di risposta
I tuoi punteggi nel tempo
Non hai fatto questo quiz